| 000 | 00446 a2200145 4500 | ||
|---|---|---|---|
| 005 | 20250630071729.0 | ||
| 020 | _a0-07-297773-6 | ||
| 082 | _a004.03 McG | ||
| 111 | _aMcGRAW- HILL Dictionary of Computing & Communications, | ||
| 245 | _aMcGRAW- HILL Dictionary of Computing & Communications, | ||
| 260 |
_aNew York, _bMcGRAW- HILL, _c2003. |
||
| 300 |
_axi, 446p,: ill.; figure, picture, table _c21cm |
||
| 700 | _aMcGRAW- HILL, | ||
| 942 |
_2ddc _cBKS |
||
| 999 |
_c6456 _d6456 |
||